Atti dell'Accademia Romanistica Costantiniana: IX Convegno Internazionale

Збережено в:
Бібліографічні деталі
Співавтор: Universita degli Studi di Perugia (Автор)
Формат: Книга
Мова:Італійська мова
Опубліковано: Perugia Edizioni Scientifiche Italiane 1993
Редагування:1a. ed
Предмети:
Теги: Додати тег
Немає тегів, Будьте першим, хто поставить тег для цього запису!

MARC

LEADER 00000cam a2200000 a 4500
001 UCD6316
003 CL-VaPUC
008 161201e19930000it |||||||||||||||||ita|d
020 |a 8871046838 
082 0 4 |a 340.54  |b UNI  |2 21 
110 2 |a Universita degli Studi di Perugia  |e author  |9 590111 
245 1 0 |a Atti dell'Accademia Romanistica Costantiniana: IX Convegno Internazionale 
250 |a 1a. ed 
300 |a 527 p 
942 |c BK 
945 |d 20161201 17:35:00  |a dcastane 
260 |a Perugia  |b Edizioni Scientifiche Italiane  |c 1993 
650 0 |a Derecho romano  |9 255930 
583 |a last modification  |c 20161201 17:35:00  |k Rodrigo Vera 
999 |c 366671  |d 366669 
952 |0 0  |1 0  |3 erb  |4 0  |6 340_540000000000000_UNI_1993  |7 0  |8 DER_ROM  |9 481136  |a BIBDER  |b BIBDER  |i 535269K  |l 1  |o 340.54 UNI 1993  |p 535269K  |r 2023-01-25  |s 2021-09-20  |w 2019-11-24  |x Ubicación 4to piso  |y BK  |z Este recurso debe solicitarse con anticipación  |k DER